书目信息 |
| 题名: |
高等数学学习指导
|
|
| 作者: | 刘凤林 , 赵亚光 主编 | |
| 分册: | 上册 | |
| 出版信息: | 西安 西安交通大学出版社 2010.02 |
|
| 页数: | 199页 | |
| 开本: | 23cm | |
| 丛书名: | ||
| 单 册: | ||
| 中图分类: | O13 | |
| 科图分类: | ||
| 主题词: | 高等数学--gao deng shu xue--高等学校--教学参考资料 | |
| 电子资源: | ||
| ISBN: | 978-7-5605-3285-1 | |
| 000 | 00976nam0 2200253 450 | |
| 001 | 012010953714 | |
| 005 | 20100819161537.53 | |
| 010 | @a978-7-5605-3285-1@dCNY19.50 | |
| 100 | @a20100819d2010 em y0chiy0120 ea | |
| 101 | 0 | @achi |
| 102 | @aCN@b610000 | |
| 105 | @ay z 000yy | |
| 106 | @ar | |
| 200 | 1 | @a高等数学学习指导@Agao deng shu xue xue xi zhi dao@h上册@f刘凤林, 赵亚光主编@Fzhu bian liu feng lin,zhao ya guang |
| 210 | @a西安@c西安交通大学出版社@d2010.02 | |
| 215 | @a199页@d23cm | |
| 300 | @a“十一五”规划教材 教育部高等理工教育数学基础课程 教学改革与实践项目 | |
| 330 | @a本书按《高等数学》(上册)的章节顺序,将每章分为若干单元,每个单元由三个部分组成,第一部分是知识要点;第二部分是释疑解惑;第三部分是例题解析。 | |
| 606 | 0 | @a高等数学@Agao deng shu xue@x高等学校@j教学参考资料 |
| 690 | @aO13@v4 | |
| 701 | 0 | @a刘凤林@Aliu feng lin@4主编 |
| 701 | 0 | @a赵亚光@Azhao ya guang@4主编 |
| 801 | 0 | @aCN@bQSSK@c20100819 |
| 905 | @b786703-05@dO13@eL613:1@f3 | |
| 高等数学学习指导.上册/刘凤林, 赵亚光主编.-西安:西安交通大学出版社,2010.02 |
| 199页;23cm |
| “十一五”规划教材 教育部高等理工教育数学基础课程 教学改革与实践项目 |
| ISBN 978-7-5605-3285-1:CNY19.50 |
| 本书按《高等数学》(上册)的章节顺序,将每章分为若干单元,每个单元由三个部分组成,第一部分是知识要点;第二部分是释疑解惑;第三部分是例题解析。 |
| ● |
| 相关链接 |
|
|
|
正题名:高等数学学习指导
索取号:O13/L613:1
 
预约/预借
| 序号 | 登录号 | 条形码 | 馆藏地/架位号 | 状态 | 备注 |
| 1 | 786703 | 207867030 | 自科库401/401自科库 106排7列4层/ [索取号:O13/L613:1] | 在馆 | |
| 2 | 786704 | 207867049 | 自科库401/401自科库 106排7列4层/ [索取号:O13/L613:1] | 在馆 | |
| 3 | 786705 | 207867058 | 自科库401/401自科库 106排7列4层/ [索取号:O13/L613:1] | 在馆 |